Propiedad del subsuelo y privatización en América latina, seminario internacional : Buenos Aires, abril de 1997 /

Guardado en:
Autor Corporativo: Fundación de estudios energéticos de Latinoamérica
Formato: Libro
Idioma:Spanish
Publicado: Buenos Aires : FEEL, 1997.
Materias:
Etiquetas: Agregar Etiqueta
Sin Etiquetas, Sea el primero en etiquetar este registro!
LEADER 00808nam a22002175a 4500
001 EUN.um066413
003 AR-BaUNS
005 20050623122930.0
008 041125s1997####ag#a##########000#0#spa#d
245 1 0 |a Propiedad del subsuelo y privatización en América latina, seminario internacional :  |b Buenos Aires, abril de 1997 /  |c Fundación de estudios energéticos de Latinoamérica. 
260 |a Buenos Aires :  |b FEEL,  |c 1997. 
300 |a 157 p. :  |b ilus. ;  |c 22,5 cm. 
020 |a 9879680804 
082 0 4 |a 338.27 
653 |a Recursos energeticos 
653 |a Combustibles 
653 |a Politica energetica 
653 |a Petroleo 
653 |a Derechos de propiedad 
110 2 |a Fundación de estudios energéticos de Latinoamérica  |c Buenos Aires. 
859 |a Ar-BaUNS  |b BIB. CENTRAL - Sector C  |h 338.27  |i F962  |p 108350/998